Quantum-Mechanical Problem with Periodic Initial Conditions in Classical Physics and Geometrodynamics; Russian Physics Journal; Vol. 62, iss. 4
| Parent link: | Russian Physics Journal Vol. 62, iss. 4.— 2019.— [P. 632–637] |
|---|---|
| Autor principal: | |
| Autor corporatiu: | |
| Altres autors: | |
| Sumari: | Title screen It is shown that in classical physics there is a time analog of a spatial quantum-mechanical problem with periodic boundary conditions. On this basis, it is shown that the corresponding energy quantity has a band structure. Режим доступа: по договору с организацией-держателем ресурса |
| Idioma: | anglès |
| Publicat: |
2019
|
| Matèries: | |
| Accés en línia: | https://doi.org/10.1007/s11182-019-01757-1 |
| Format: | Electrònic Capítol de llibre |
| KOHA link: | https://koha.lib.tpu.ru/cgi-bin/koha/opac-detail.pl?biblionumber=660678 |
MARC
| LEADER | 00000naa0a2200000 4500 | ||
|---|---|---|---|
| 001 | 660678 | ||
| 005 | 20250404145547.0 | ||
| 035 | |a (RuTPU)RU\TPU\network\30534 | ||
| 035 | |a RU\TPU\network\29797 | ||
| 090 | |a 660678 | ||
| 100 | |a 20190926d2019 k||y0rusy50 ba | ||
| 101 | 0 | |a eng | |
| 135 | |a drcn ---uucaa | ||
| 181 | 0 | |a i | |
| 182 | 0 | |a b | |
| 200 | 1 | |a Quantum-Mechanical Problem with Periodic Initial Conditions in Classical Physics and Geometrodynamics |f V. V. Lasukov, T. V. Lasukova | |
| 203 | |a Text |c electronic | ||
| 300 | |a Title screen | ||
| 320 | |a [References: 33 tit.] | ||
| 330 | |a It is shown that in classical physics there is a time analog of a spatial quantum-mechanical problem with periodic boundary conditions. On this basis, it is shown that the corresponding energy quantity has a band structure. | ||
| 333 | |a Режим доступа: по договору с организацией-держателем ресурса | ||
| 461 | |t Russian Physics Journal | ||
| 463 | |t Vol. 62, iss. 4 |v [P. 632–637] |d 2019 | ||
| 610 | 1 | |a электронный ресурс | |
| 610 | 1 | |a труды учёных ТПУ | |
| 610 | 1 | |a exotic crystal | |
| 610 | 1 | |a geometrodynamics | |
| 610 | 1 | |a кристалл | |
| 610 | 1 | |a геометродинамика | |
| 700 | 1 | |a Lasukov |b V. V. |c mathematician |c Associate Professor of Tomsk Polytechnic University, Candidate of Physical and Mathematical Sciences |f 1954- |g Vladimir Vasilievich |3 (RuTPU)RU\TPU\pers\32635 |9 16547 | |
| 701 | 1 | |a Lasukova |b T. V. |g Tatjyana Viktorovna | |
| 712 | 0 | 2 | |a Национальный исследовательский Томский политехнический университет |b Школа базовой инженерной подготовки |b Отделение математики и информатики |3 (RuTPU)RU\TPU\col\23555 |
| 801 | 2 | |a RU |b 63413507 |c 20190926 |g RCR | |
| 856 | 4 | 0 | |u https://doi.org/10.1007/s11182-019-01757-1 |
| 942 | |c CF | ||